Normal view
MARC view
Entry Topical Term
001 - CONTROL NUMBER
- control field: 15071
003 - CONTROL NUMBER IDENTIFIER
- control field: ARRUPE
005 - DATE AND TIME OF LATEST TRANSACTION
- control field: 20150216174245.0
008 - FIXED-LENGTH DATA ELEMENTS
- fixed length control field: 150216|| aca||aabn | a|a d
040 ## - CATALOGING SOURCE
- Original cataloging agency: ARRUPE
- Transcribing agency: ARRUPE
150 ## - HEADING--TOPICAL TERM
- Topical term or geographic name as entry element: Education, Higher
- Geographic subdivision: United States.
670 ## - SOURCE DATA FOUND
- Source citation: Work cat.: (ARRUPE)0: Carmody, Denise Lardner, 1935- 15070, Organizing a Christian mind :, c1996.